Bahurupi Arasu (Record no. 222690)
[ view plain ]
| 000 -LEADER | |
|---|---|
| fixed length control field | 00619nam a22001937a 4500 |
| 005 - DATE AND TIME OF LATEST TRANSACTION | |
| control field | 20240615111302.0 |
| 008 - FIXED-LENGTH DATA ELEMENTS--GENERAL INFORMATION | |
| fixed length control field | 220428b ||||| |||| 00| 0 eng d |
| 040 ## - CATALOGING SOURCE | |
| Transcribing agency | AL |
| 041 ## - LANGUAGE CODE | |
| Language code of text/sound track or separate title | Kannada |
| 082 ## - DEWEY DECIMAL CLASSIFICATION NUMBER | |
| Edition number | 23 |
| Classification number | 923.2K |
| Item number | SHEB |
| 100 ## - MAIN ENTRY--PERSONAL NAME | |
| Personal name | Vaddarse Raghuram shetty |
| 100 ## - MAIN ENTRY--PERSONAL NAME | |
| 9 (RLIN) | 170987 |
| 100 ## - MAIN ENTRY--PERSONAL NAME | |
| 9 (RLIN) | 32528 |
| Dates associated with a name | ವಡ್ಡರ್ಸೆ ರಘುರಾಮ್ ಶೆಟ್ಟಿ |
| 245 ## - TITLE STATEMENT | |
| Title | Bahurupi Arasu |
| Remainder of title | ಬಹುರೂಪಿ ಅರಸು |
| 260 ## - PUBLICATION, DISTRIBUTION, ETC. | |
| Place of publication, distribution, etc. | Bangaluru |
| Name of publisher, distributor, etc. | Sapna Book House |
| Date of publication, distribution, etc. | 2000 |
| 300 ## - PHYSICAL DESCRIPTION | |
| Extent | vi,185 p. |
| Other physical details | PB |
| Dimensions | 21x13 cm. |
| 365 ## - TRADE PRICE | |
| Currency code | ₹ |
| Unit of pricing | ₹75.00 |
| 700 ## - ADDED ENTRY--PERSONAL NAME | |
| Personal name | SHETTY (Vaddarse Raghuram) |
| 9 (RLIN) | 32529 |
| 942 ## - ADDED ENTRY ELEMENTS (KOHA) | |
| Source of classification or shelving scheme | Dewey Decimal Classification |
| Koha item type | George Fernandes Collections |
| Withdrawn status | Lost status | Source of classification or shelving scheme | Damaged status | Not for loan | Collection code | Home library | Current library | Date acquired | Total Checkouts | Full call number | Barcode | Date last seen | Cost, replacement price | Price effective from | Koha item type |
|---|---|---|---|---|---|---|---|---|---|---|---|---|---|---|---|
| Dewey Decimal Classification | History | St Aloysius Library | St Aloysius Library | 03/23/2013 | 923.2K SHEB | GF02938 | 04/28/2022 | 75.00 | 04/28/2022 | George Fernandes Collections |